000 00681nam a2200205 i 4500
001 172472
003 ES-MaACL
005 20250814092048.0
008 090708s1990 fr |||| | fre d
020 _a2-86676-633-4
080 _a78:791.43(091)
100 1 _aVidal, Marion.
_9141011
245 1 0 _aHistoire de plus célèbres chansons du cinéma /
_cMarion Vidal, Isabelle Champion.
260 _aParis :
_bM. A. Editions,
_c[1990]
300 _a392 p., [16] p. de lám. ;
_c23 cm.
650 0 7 _aMúsica para cine
_2embne
_915413
700 1 _aChampion, Isabelle.
_9141012
852 4 _aES-MaACL
_jE-12784
_z- Biblioteca Jacinto Martínez Lacalle
999 _c172472
_d172472